Countries Tech N9ne has Visited - Statistics

General Stats
  • This quiz has been taken 11 times
    10 since last reset
  • The average score is 24 of 25
Answer Stats
Continent Country % Correct
Oceania Australia
100%
North America Canada
100%
Europe Denmark
100%
Europe Finland
100%
Europe France
100%
Europe Germany
100%
North America Mexico
100%
Oceania New Zealand
100%
Europe Norway
100%
Europe Poland
100%
Asia/ Europe Russia
100%
Europe Spain
100%
Europe Sweden
100%
Europe Switzerland
100%
Europe United Kingdom
100%
North America United States of America
100%
Europe Austria
88%
Europe Belgium
88%
Europe Croatia
88%
Europe Czech Republic
88%
Europe Ireland
88%
Europe Netherlands
88%
Europe Ukraine
88%
Europe Bulgaria
75%
Asia Kuwait
63%
No matching quizzes found
Score Distribution
Percent of People with Each Score
Percentile by Number Answered
Your Score History
You have not taken this quiz since the last reset